Basic algebra

Αποθηκεύτηκε σε:
Λεπτομέρειες βιβλιογραφικής εγγραφής
Κύριος συγγραφέας: Jacobson, Nathan, 1910-1999
Μορφή: Βιβλίο
Γλώσσα:English
Δημοσίευση: New York : Dover, 2009
Έκδοση:2η έκδ.
Θέματα:
Ετικέτες: Προσθήκη ετικέτας
Δεν υπάρχουν, Καταχωρήστε ετικέτα πρώτοι!

MARC

LEADER 00000nam a2200000 i 4500
001 1/28656
008 130418s20091989 eng d
020 |a 978-0-486-47187-7 (τ.2) 
020 |a 0-486-47187-X (τ.2) 
035 |l 10114234 
040 |a GR-MY-UA  |b gre  |e aacr 
041 0 |a eng 
082 0 |a 512.9  |2 (22) 
100 1 |a Jacobson, Nathan,   |d 1910-1999. 
245 1 0 |a Basic algebra /  |c Nathan Jacobson 
250 |a 2η έκδ. 
260 |a New York :   |b Dover,   |c 2009 
300 |a 2τ. (τ.2: xvii, 686 σ.);  |c 24 εκ. 
500 |a Πρώτη δημοσίευση: San Francisco: W.H. Freeman, 1989 
504 |a Περιέχει βιβλιογραφικές παραπομπές και ευρετήριο 
650 0 0 |a Algebra. 
852 |a INST  |b CHIOS  |e 20130418  |h 512.9 JAC  |p 005200035378  |q 005200035378  |t BK  |y 0 
901 |a BIBL2-2013-1 
909 |a Χ  |b 177213 
922 |a 2ΕΛΗ  |b 201210  |c ΤΑΚ/ΤΜΟΔ  |d ΙΩΑΝΝΙΔΟΥ 
970 |a ΣΠΕΝΤΖΑ  |b ΕΛΕΝΗ  |z 2013/04/18